Físico-quimíca - Statistics

Estatísticas Gerais
  • Esse quiz foi jogado 306 vezes
  • A pontuação média é 6 de 21
Estatísticas das Respostas
Hint Resposta % Correto
Que nome damos a grupos de estrelas que se movem em torno de um ponto? Enxames de estrelas
73%
Que nome damos a corpos celestes com luz própria? Estrelas
73%
Que nome damos a corpos celestes sem luz própria que orbitam em torno de uma estrela? Planetas
70%
Qual a teoria que defende que toda a matéria do Universo encontrava-se concentrada num espaço pequeno, a uma temperatura elevada, e uma explosão fez com que a matéria se expandisse e posteriormente arrefecesse, dando origem mais tarde às galáxias? Teoria do Big Bang
51%
Que modelo defendia que a Terra era o centro do Universo, e que todos os outros corpos celestes se moviam à sua volta? Geocêntrico
43%
Que modelo defendia que era o Sol o centro do Universo, e que todos os outros corpos celestes se moviam à sua volta? Heliocêntrico
41%
Que nome damos a conjuntos de galáxias que se movem em torno de um ponto? Enxames de galáxias
39%
Quem apresentou o modelo heliocêntrico? Copérnico
38%
Que nome damos a um conjunto de estrelas, gases e poeiras que se movem em torno de um ponto? Galáxias
36%
Que nome damos a conjuntos de enxames de galáxias que se movem em torno de um ponto? Superenxames de galáxias
36%
Que nome damos a grupos de estrelas que aparentam estar próximas umas das outras, formando na Esfera Celeste determinadas figuras? Constelações
30%
Em que constelação se encontra a Estrela Polar? Ursa Menor
23%
Que nome damos ao conjunto formado por uma estrela, planetas e outros corpos não estelares que se movem à sua volta? Sistema planetário
19%
Que nome damos á esfera imaginária que envolve a Terra? Esfera celeste
12%
Quem apresentou o modelo geocêntrico? Ptolomeu
11%
Que nome damos a corpos muito distantes, semelhantes a galáxias, muito brilhantes e que parecem estrelas? Quasares
6%
Que nome damos a veículos com sistema sistema propulsor que permite viajar além da atmosfera da Terra? Naves espaciais
5%
Que nome damos ao instrumento que deteta luz não invisível (que os nossos olhos não detetam)? Radiotelescópio
4%
Que nome damos ao instrumento que deteta luz visível e não visível, sem a interferência da atmosfera? Telescópio espacial
3%
Que nome damos ao instrumento que deteta luz visível (que os nossos olhos detetam)? Telescópio ótico
2%
Que nome damos á superfície terrestre que vemos e a partir da qual começa a parte visível da Esfera Celeste? Horizonte do lugar
1%
Nenhum quiz correspondente encontrado
Distribuição das Pontuações
Porcentagem de Pessoas com Cada Pontuação
Percentil de Números Respondidos
Sua Pontuação Histórica
Você não jogou esse quiz